00721 2200277 4500001002100000008004100021035002000062245003000082100002000112110002100132260002400153300001200177020001800189084001400207082000800221650002700229990001900256990002100275990002100296990002100317990002100338990002100359990002100380990002100401990002100422INLIS000000000001219 ind  a0010-0724001219 aJambu BijicTanaman Idola aEndyah Murniati aMurniati, Endyah aSurabayabSICc2006 a47 hlm. a979 9415 78 0 a634 END j a634 aPerkebunan Buah-buahan aP29/CP/24/1219 aP29/CP/24/1219.2 aP29/CP/24/1219.3 aP29/CP/24/1219.4 aP29/CP/24/1219.5 aP29/CP/24/1219.6 aP29/CP/24/1219.7 aP29/CP/24/1219.8 aP29/CP/24/1219.9